| 000 | 00516nam a2200145 a 4500 | ||
|---|---|---|---|
| 090 |
_aIAvH _b00008 |
||
| 041 | _aspa | ||
| 110 |
_bInstituto de Investigación de Recursos Biológicos Alexander von Humboldt _9204 |
||
| 245 |
_aConvenio sobre diversidad biológica _btextos y anexos Ley 165 de 1994 |
||
| 260 |
_aBogotá _bInstituto Alexander von Humboldt _c1996 |
||
| 300 | _a43 p. | ||
| 650 |
_aConvenio sobre diversidad biológica _93261 |
||
| 710 |
_a^aColombia. Ministerio del Medio Ambiente _94191 |
||
| 942 | _cIMPRESO | ||
| 999 |
_c1649 _d1649 |
||